[Event "BL2-Ost 1617"]
[Site "Germany"]
[Date "2017.02.18"]
[Round "7.6"]
[White "Panzalovic, Srdjan"]
[Black "Stips, Felix"]
[Result "1/2-1/2"]
[WhiteElo "2433"]
[BlackElo "2307"]
[PlyCount "54"]
[EventDate "2016.10.14"]
[EventType "team-tourn"]
[EventRounds "10"]
[EventCountry "GER"]
[SourceTitle "CBM 177 Extra"]
[Source "ChessBase"]
[SourceDate "2017.04.27"]
[SourceVersion "1"]
[SourceVersionDate "2017.04.27"]
[SourceQuality "1"]
[WhiteTeam "Bad Mergentheim"]
[BlackTeam "Bindlach"]
[WhiteTeamCountry "GER"]
[BlackTeamCountry "GER"]

1. Nf3 d5 2. c4 c6 3. e3 Nf6 4. Nc3 a6 5. Qc2 b5 6. cxd5 cxd5 7. d4 e6 8. Bd2 Bd6 9. Bd3 Bb7 10. a4 b4 11. Ne2 a5 12. Ne5 0-0 13. Ng3 Nbd7 14. f4 Rc8 15. Qb1 Rc7 16. 0-0 Qa8 17. Rc1 Rfc8 18. Rxc7 Rxc7 19. Qf1 Ne8 20. Qe2 g6 21. h4 Bf8 22. h5 Ndf6 23. hxg6 hxg6 24. Rc1 Rxc1+ 25. Bxc1 Qc8 26. Qc2 Qxc2 27. Bxc2 Nd6 1/2-1/2

[Event "BL2-Ost 1617"]
[Site "Germany"]
[Date "2016.11.19"]
[Round "3.5"]
[White "Doeres, Hans Juergen"]
[Black "Panzalovic, Srdjan"]
[Result "1/2-1/2"]
[WhiteElo "2207"]
[BlackElo "2433"]
[PlyCount "92"]
[EventDate "2016.10.14"]
[EventType "team-tourn"]
[EventRounds "10"]
[EventCountry "GER"]
[SourceTitle "CBM 177 Extra"]
[Source "ChessBase"]
[SourceDate "2017.04.27"]
[SourceVersion "1"]
[SourceVersionDate "2017.04.27"]
[SourceQuality "1"]
[WhiteTeam "Forchheim"]
[BlackTeam "Bad Mergentheim"]
[WhiteTeamCountry "GER"]
[BlackTeamCountry "GER"]

1. c4 c5 2. Nc3 g6 3. g3 Bg7 4. Bg2 Nf6 5. Nf3 0-0 6. 0-0 Nc6 7. d4 d6 8. d5 Na5 9. Qd3 a6 10. e4 e5 11. Nd2 Bd7 12. b3 Rb8 13. Rb1 b5 14. Ne2 Ng4 15. f3 Nh6 16. Bb2 f5 17. Bc3 Nb7 18. Qc2 Qe7 19. Rbe1 f4 20. g4 Nf7 21. Nc1 b4 22. Bb2 Bf6 23. Rd1 Kg7 24. Kf2 h5 25. h3 Rh8 26. Rh1 Rh6 27. Ke2 Rbh8 28. Nd3 Qd8 29. Qb1 hxg4 30. hxg4 Rh2 31. Rxh2 Rxh2 32. Rg1 Qh8 33. Nf1 Rh4 34. Nd2 Rh2 35. Nf1 Rh4 36. Nd2 a5 37. Rh1 g5 38. Nf2 Rxh1 39. Qxh1 Qa8 40. Kd3 a4 41. Kc2 Nh8 42. Bf1 Ng6 43. Be2 Nh4 44. Bd1 Na5 45. Kb1 Be8 46. Nd3 a3 1/2-1/2

[Event "BL2-Ost 1516"]
[Site "Germany"]
[Date "2015.12.13"]
[Round "6.3"]
[White "Wahedi, Ahmad Siar"]
[Black "Panzalovic, Srdjan"]
[Result "1/2-1/2"]
[WhiteElo "2280"]
[BlackElo "2445"]
[PlyCount "28"]
[EventDate "2015.09.20"]
[EventType "team-tourn"]
[EventRounds "9"]
[EventCountry "GER"]
[SourceTitle "CBM 170 Extra"]
[Source "ChessBase"]
[SourceDate "2016.02.25"]
[SourceVersion "1"]
[SourceVersionDate "2016.02.25"]
[SourceQuality "1"]
[WhiteTeam "Neuberg"]
[BlackTeam "Bad Mergentheim"]
[WhiteTeamCountry "GER"]
[BlackTeamCountry "GER"]

1. e4 e5 2. Nf3 Nc6 3. Bb5 a6 4. Ba4 Nf6 5. d3 d6 6. c3 g6 7. Nbd2 Bg7 8. Nf1 0-0 9. Ng3 b5 10. Bc2 h6 11. 0-0 Bg4 12. h3 Bd7 13. d4 Nh7 14. dxe5 dxe5 1/2-1/2

[Event "BL2-Ost 1415"]
[Site "Germany"]
[Date "2015.02.22"]
[Round "9.5"]
[White "Spiess, Gunter"]
[Black "Panzalovic, Srdjan"]
[Result "1/2-1/2"]
[WhiteElo "2437"]
[BlackElo "2446"]
[PlyCount "55"]
[EventDate "2014.10.18"]
[EventType "team-tourn"]
[EventRounds "10"]
[EventCountry "GER"]
[SourceTitle "CBM 166 Extra"]
[Source "ChessBase"]
[SourceDate "2015.06.18"]
[SourceVersion "1"]
[SourceVersionDate "2015.06.18"]
[SourceQuality "1"]
[WhiteTeam "Aue Nickelhuette"]
[BlackTeam "Bad Mergentheim"]
[WhiteTeamCountry "GER"]
[BlackTeamCountry "GER"]

1. d4 f5 2. g3 Nf6 3. Bg2 g6 4. Nf3 Bg7 5. c4 0-0 6. Nc3 d6 7. 0-0 c6 8. Rb1 a5 9. a3 Kh8 10. b4 axb4 11. axb4 Qc7 12. d5 Bd7 13. Nd4 cxd5 14. Nxd5 Nxd5 15. cxd5 Qc4 16. Bb2 Ra2 17. e3 Na6 18. Qd2 Bf6 19. Ne6 Bxe6 20. Rfc1 Rxb2 21. Rxb2 Qb5 22. dxe6 Bxb2 23. Qxb2+ Kg8 24. Qd4 Qxb4 25. Qxb4 Nxb4 26. Rc7 Re8 27. Rxb7 Nd3 28. Ra7 1/2-1/2

[Event "BL2-Ost 1415"]
[Site "Germany"]
[Date "2014.11.08"]
[Round "3.5"]
[White "Panzalovic, Srdjan"]
[Black "Baldauf, Marco"]
[Result "1/2-1/2"]
[WhiteElo "2446"]
[BlackElo "2397"]
[PlyCount "49"]
[EventDate "2014.10.18"]
[EventType "team-tourn"]
[EventRounds "10"]
[EventCountry "GER"]
[SourceTitle "CBM 166 Extra"]
[Source "ChessBase"]
[SourceDate "2015.06.18"]
[SourceVersion "1"]
[SourceVersionDate "2015.06.18"]
[SourceQuality "1"]
[WhiteTeam "Bad Mergentheim"]
[BlackTeam "Rosenheim Pang"]
[WhiteTeamCountry "GER"]
[BlackTeamCountry "GER"]

1. Nf3 Nf6 2. c4 b6 3. g3 c5 4. Bg2 Bb7 5. 0-0 g6 6. Nc3 Bg7 7. d4 cxd4 8. Qxd4 d6 9. Be3 Nbd7 10. Rac1 Rc8 11. b3 0-0 12. Qd2 a6 13. Rfd1 Ng4 14. Bf4 Nc5 15. Rf1 b5 16. h3 Ne5 17. cxb5 Bxf3 18. Bxf3 Nxf3+ 19. exf3 axb5 20. Nd5 Re8 21. Rfe1 e6 22. Bxd6 Nxb3 23. axb3 Rxc1 24. Rxc1 exd5 25. Bc5 1/2-1/2

[Event "Oberliga Baden 1314"]
[Site "Germany"]
[Date "2014.02.09"]
[Round "6.3"]
[White "Schuh, Hubert"]
[Black "Panzalovic, Srdjan"]
[Result "1/2-1/2"]
[WhiteElo "2301"]
[BlackElo "2450"]
[PlyCount "114"]
[EventDate "2013.10.13"]
[EventType "team-tourn"]
[EventRounds "9"]
[EventCountry "GER"]
[SourceTitle "EXT 2015"]
[Source "ChessBase"]
[SourceDate "2014.11.20"]
[SourceVersion "1"]
[SourceVersionDate "2014.11.20"]
[SourceQuality "1"]
[WhiteTeam "Kuppenheim"]
[BlackTeam "Bad Mergentheim"]
[WhiteTeamCountry "GER"]
[BlackTeamCountry "GER"]

1. c4 Nf6 2. g3 g6 3. Bg2 Bg7 4. Nc3 0-0 5. e4 c5 6. Nge2 Nc6 7. 0-0 a6 8. d3 d6 9. h3 Nd7 10. Be3 Nd4 11. Qd2 b5 12. cxb5 Nxe2+ 13. Qxe2 axb5 14. Nxb5 Ba6 15. Nc3 Ne5 16. Rfd1 Ra7 17. Qc2 Qa5 18. a3 Rc8 19. b4 Qd8 20. b5 Bb7 21. f4 Nd7 22. Qb3 Qa5 23. Bd2 Qb6 24. Kh2 h5 25. a4 h4 26. gxh4 c4 27. dxc4 Qf2 28. Ra2 Nc5 29. Qc2 Bxc3 30. Qxc3 Bxe4 31. Qg3 Qe2 32. Qg4 Qxg2+ 33. Qxg2 Bxg2 34. Kxg2 Rxa4 35. Rxa4 Nxa4 36. Be3 Nb2 37. Rb1 Nxc4 38. Kf2 f5 39. b6 Nxe3 40. Kxe3 Kf7 41. Kd4 Ke6 42. Rg1 Rb8 43. Rxg6+ Kf7 44. Rg5 Kf6 45. Ke3 Rxb6 46. Kf2 e5 47. h5 Rb2+ 48. Kg3 exf4+ 49. Kh4 Rb8 50. h6 f3 51. Rg3 f2 52. Rf3 Rb4+ 53. Kh5 Rb3 54. h7 Rxf3 55. h8Q+ Ke6 56. Qe8+ Kf6 57. Qd8+ Ke6 1/2-1/2

[Event "GER-ch rapid"]
[Site "Gladenbach"]
[Date "2013.09.29"]
[Round "6"]
[White "Ortmann, David"]
[Black "Panzalovic, Srdjan"]
[Result "1-0"]
[WhiteElo "2308"]
[BlackElo "2459"]
[PlyCount "77"]
[EventDate "2013.09.28"]
[EventType "swiss (rapid)"]
[EventRounds "9"]
[EventCountry "GER"]
[SourceTitle "CBM 156 Extra"]
[Source "ChessBase"]
[SourceDate "2013.10.22"]
[SourceVersion "1"]
[SourceVersionDate "2013.10.22"]
[SourceQuality "1"]

1. Nf3 Nf6 2. c4 g6 3. Nc3 Bg7 4. e4 d6 5. d4 0-0 6. Be2 e5 7. 0-0 Na6 8. Be3 Ng4 9. Bg5 f6 10. Bh4 g5 11. Bg3 Nh6 12. h3 c6 13. Qb3 Kh8 14. Rfd1 Qe7 15. Qa3 Nf7 16. b4 Nc7 17. Rac1 g4 18. hxg4 Bxg4 19. d5 cxd5 20. cxd5 Rfc8 21. Nh4 Bd7 22. Qb3 Nh6 23. Bd3 f5 24. Nxf5 Nxf5 25. exf5 Bh6 26. Rc2 Ne8 27. Ne2 Rxc2 28. Bxc2 Ng7 29. f4 Nxf5 30. Bxf5 Bxf5 31. fxe5 Bg4 32. Qd3 Qg5 33. Bf4 Qh5 34. Ng3 Qh4 35. Rf1 Bxf4 36. Rxf4 dxe5 37. Rf7 Rc8 38. Qe3 Kg8 39. Rxb7 1-0

[Event "GER-ch rapid"]
[Site "Gladenbach"]
[Date "2013.09.28"]
[Round "1"]
[White "Panzalovic, Srdjan"]
[Black "Nuber, Korbinian"]
[Result "1/2-1/2"]
[WhiteElo "2459"]
[BlackElo "2270"]
[PlyCount "154"]
[EventDate "2013.09.28"]
[EventType "swiss (rapid)"]
[EventRounds "9"]
[EventCountry "GER"]
[SourceTitle "CBM 156 Extra"]
[Source "ChessBase"]
[SourceDate "2013.10.22"]
[SourceVersion "1"]
[SourceVersionDate "2013.10.22"]
[SourceQuality "1"]

1. Nf3 d5 2. c4 c6 3. e3 Nf6 4. Nc3 e6 5. d4 Nbd7 6. Qc2 Be7 7. Bd2 0-0 8. Rd1 b6 9. e4 dxe4 10. Nxe4 Bb7 11. Be2 c5 12. Nxf6+ Bxf6 13. dxc5 bxc5 14. 0-0 Qc7 15. Be3 Rfd8 16. Ng5 Nf8 17. b3 Bd4 18. Bxd4 Rxd4 19. Rxd4 cxd4 20. f4 h6 21. Ne4 Ng6 22. g3 Ne7 23. Bf3 Rd8 24. Qd3 Nf5 25. Nd2 Ne3 26. Re1 Rd7 27. Re2 f6 28. Be4 e5 29. fxe5 fxe5 30. h3 Rf7 31. Rf2 Rxf2 32. Kxf2 Bc8 33. h4 Qf7+ 34. Kg1 Kf8 35. Nf1 Ng4 36. Qf3 Nf6 37. Nd2 Bg4 38. Qd3 Qe6 39. Bg2 Bf5 40. Ne4 Bxe4 41. Bxe4 Qg4 42. Bf5 e4 43. Bxg4 exd3 44. Bf3 d2 45. Kf2 Ne4+ 46. Ke2 Nxg3+ 47. Kxd2 Nf5 48. h5 Ke7 49. Kd3 Kf6 50. Bg4 Ne3 51. Bh3 Ke5 52. b4 a6 53. a4 Nd1 54. c5 Nb2+ 55. Kc2 Nxa4 56. Bc8 a5 57. Bd7 Nc3 58. bxa5 Nd5 59. Kb3 d3 60. Bb5 Kd4 61. a6 Nc7 62. a7 d2 63. Kc2 Kxc5 64. Be2 Kb6 65. Kxd2 Kxa7 66. Ke3 Kb6 67. Kd4 Kc6 68. Ke5 Kd7 69. Kf5 Ke7 70. Kg6 Kf8 71. Bc4 Ne8 72. Bb3 Nf6 73. Bc4 Ne4 74. Ba2 Nf2 75. Bc4 Nh3 76. Kf5 Ke7 77. Kg6 Kf8 1/2-1/2

[Event "GER-ch rapid"]
[Site "Gladenbach"]
[Date "2013.09.28"]
[Round "5"]
[White "Panzalovic, Srdjan"]
[Black "Poetsch, Hagen"]
[Result "0-1"]
[WhiteElo "2459"]
[BlackElo "2468"]
[PlyCount "107"]
[EventDate "2013.09.28"]
[EventType "swiss (rapid)"]
[EventRounds "9"]
[EventCountry "GER"]
[SourceTitle "CBM 156 Extra"]
[Source "ChessBase"]
[SourceDate "2013.10.22"]
[SourceVersion "1"]
[SourceVersionDate "2013.10.22"]
[SourceQuality "1"]

1. Nf3 Nf6 2. c4 b6 3. g3 Bb7 4. Bg2 c5 5. 0-0 g6 6. Nc3 Bg7 7. d4 cxd4 8. Qxd4 d6 9. Be3 Nbd7 10. Rac1 Rc8 11. b3 0-0 12. Qd2 Nc5 13. Rfd1 Nfe4 14. Nxe4 Nxe4 15. Qe1 Qc7 16. Nd4 a6 17. f3 Nc5 18. Bh3 Rb8 19. b4 Nd7 20. Nb3 Bc6 21. c5 bxc5 22. bxc5 d5 23. Na5 e6 24. Bg5 Rfe8 25. e4 Bb2 26. Nxc6 Qxc6 27. Rc2 d4 28. Qd2 Bc3 29. Qf2 Qxc5 30. Bd2 Rb2 31. Rdc1 Bxd2 32. Qxd2 d3+ 33. Rxc5 Rxd2 34. Ra5 Rb8 35. Bf1 Rb5 36. Rxb5 axb5 37. f4 Nf6 38. Rc3 Nxe4 39. Rxd3 Rxd3 40. Bxd3 Nd6 41. Kf2 f6 42. Ke3 e5 43. fxe5 fxe5 44. h4 Kf7 45. g4 Ke6 46. Kf3 Kd5 47. Ke3 e4 48. Be2 Ke5 49. Bf1 h6 50. g5 h5 51. a3 Nc4+ 52. Bxc4 bxc4 53. a4 c3 54. a5 0-1

[Event "Oberliga Baden 1112"]
[Site "Germany"]
[Date "2012.03.18"]
[Round "8.4"]
[White "Schulte, Torsten"]
[Black "Panzalovic, Srdjan"]
[Result "0-1"]
[WhiteElo "2164"]
[BlackElo "2458"]
[PlyCount "48"]
[EventDate "2011.10.02"]
[EventType "team-tourn"]
[EventRounds "9"]
[EventCountry "GER"]
[SourceTitle "EXT 2013"]
[Source "ChessBase"]
[SourceDate "2012.11.22"]
[SourceVersion "1"]
[SourceVersionDate "2012.11.22"]
[SourceQuality "1"]
[WhiteTeam "Eppingen II"]
[BlackTeam "Bad Mergentheim"]
[WhiteTeamCountry "GER"]
[BlackTeamCountry "GER"]

1. d4 Nf6 2. c4 g6 3. Nc3 d5 4. cxd5 Nxd5 5. e4 Nxc3 6. bxc3 Bg7 7. Bc4 Nc6 8. Ne2 0-0 9. 0-0 b6 10. Be3 Bb7 11. f3 Na5 12. Bd3 Qd7 13. Qd2 Rfd8 14. Rfd1 Qa4 15. Rab1 Nc4 16. Bxc4 Qxc4 17. Rb4 Qe6 18. d5 Qd7 19. c4 e6 20. Nd4 Qe8 21. Bg5 c5 22. Bxd8 Bxd4+ 23. Kh1 cxb4 24. Qxd4 Rxd8 0-1

[Event "Oberliga Baden 1112"]
[Site "Germany"]
[Date "2011.10.02"]
[Round "1.1"]
[White "Kaenel, Hansjuerg"]
[Black "Panzalovic, Srdjan"]
[Result "1/2-1/2"]
[WhiteElo "2343"]
[BlackElo "2458"]
[PlyCount "63"]
[EventDate "2011.10.02"]
[EventType "team-tourn"]
[EventRounds "9"]
[EventCountry "GER"]
[SourceTitle "EXT 2013"]
[Source "ChessBase"]
[SourceDate "2012.11.22"]
[SourceVersion "1"]
[SourceVersionDate "2012.11.22"]
[SourceQuality "1"]
[WhiteTeam "Dreisamtal"]
[BlackTeam "Bad Mergentheim"]
[WhiteTeamCountry "GER"]
[BlackTeamCountry "GER"]

1. Nf3 Nf6 2. e3 g6 3. b4 a5 4. b5 Bg7 5. Bb2 0-0 6. c4 d6 7. d4 Nbd7 8. Nc3 e6 9. Be2 b6 10. 0-0 Bb7 11. Nd2 Re8 12. Bf3 d5 13. Qb3 Nf8 14. Rac1 h5 15. Na4 Ne4 16. Nxe4 dxe4 17. Be2 Nh7 18. c5 Bd5 19. Bc4 Nf6 20. Ba3 Rb8 21. cxb6 cxb6 22. Bxd5 Nxd5 23. Rc6 Bf8 24. Bxf8 Rxf8 25. Nc3 Ne7 26. Rc4 f5 27. Rc1 Qd7 28. Ne2 Rfc8 29. Nf4 Kf7 30. h4 Rxc4 31. Rxc4 Rc8 32. a4 1/2-1/2

[Event "Verbandsliga Nord Baden 0910"]
[Site "Baden"]
[Date "2011.03.13"]
[Round "7.2"]
[White "Schmidt, Stefan"]
[Black "Panzalovic, Srdjan"]
[Result "1/2-1/2"]
[WhiteElo "2106"]
[BlackElo "2462"]
[PlyCount "89"]
[EventDate "2010.10.17"]
[EventType "team-tourn"]
[EventRounds "9"]
[EventCountry "GER"]
[SourceTitle "EXT 2012"]
[Source "ChessBase"]
[SourceDate "2011.11.24"]
[SourceVersion "1"]
[SourceVersionDate "2011.11.24"]
[SourceQuality "1"]
[WhiteTeam "Viernheim II"]
[BlackTeam "Bad Mergentheim"]
[WhiteTeamCountry "GER"]
[BlackTeamCountry "GER"]

1. e4 d6 2. d4 Nf6 3. Nc3 g6 4. Bc4 Bg7 5. Qe2 c6 6. e5 dxe5 7. dxe5 Nd5 8. Bd2 Be6 9. 0-0-0 Nd7 10. Nf3 Qc7 11. Rhe1 0-0 12. Kb1 N7b6 13. Bxd5 Nxd5 14. Nd4 Nxc3+ 15. Bxc3 Bd5 16. h4 Rad8 17. h5 c5 18. Nb5 Qc6 19. f3 a6 20. Na3 b5 21. Ba5 Rd7 22. c4 bxc4 23. Bc3 Rfd8 24. hxg6 hxg6 25. Rh1 Be6 26. Rc1 Rd3 27. Ka1 R8d7 28. Nb1 Qd5 29. Qe1 Rb7 30. Qh4 Rd4 31. f4 Bf5 32. g4 Bxb1 33. Rxb1 e6 34. f5 exf5 35. Qh7+ Kf8 36. gxf5 gxf5 37. Qxf5 Re7 38. Rbg1 Rxe5 39. Qh7 Rg5 40. Rxg5 Qxg5 41. Bxd4 cxd4 42. Qe4 Qd8 43. Rd1 Qc8 44. Re1 Qd8 45. Rd1 1/2-1/2

[Event "Oberliga Baden 0910"]
[Site "Germany"]
[Date "2010.03.21"]
[Round "8.1"]
[White "Boguslawski, Oleg"]
[Black "Panzalovic, Srdjan"]
[Result "1-0"]
[WhiteElo "2458"]
[BlackElo "2477"]
[PlyCount "85"]
[EventDate "2009.10.18"]
[EventType "team-tourn"]
[EventRounds "9"]
[EventCountry "GER"]
[SourceTitle "EXT 2011"]
[Source "ChessBase"]
[SourceDate "2010.11.26"]
[SourceVersion "1"]
[SourceVersionDate "2010.11.26"]
[SourceQuality "1"]
[WhiteTeam "Hockenheim"]
[BlackTeam "Bad Mergentheim"]
[WhiteTeamCountry "GER"]
[BlackTeamCountry "GER"]

1. e4 e5 2. Nf3 Nc6 3. Bb5 a6 4. Ba4 Nf6 5. 0-0 Be7 6. Re1 b5 7. Bb3 d6 8. c3 0-0 9. d4 Bg4 10. Be3 exd4 11. cxd4 Na5 12. Bc2 c5 13. Nbd2 Nd7 14. h3 Bh5 15. d5 Bf6 16. Rb1 Nc4 17. Nxc4 Bxf3 18. Qxf3 bxc4 19. Qe2 Qa5 20. Qxc4 Rfb8 21. Bf4 Rxb2 22. Bxd6 Qd2 23. Rbc1 Bd4 24. Bg3 Ne5 25. Qe2 Qxe2 26. Rxe2 Rxa2 27. Kh2 g5 28. Rb1 a5 29. Rb7 a4 30. d6 a3 31. d7 Nxd7 32. Rxd7 Rb2 33. e5 a2 34. e6 fxe6 35. Bxh7+ Kh8 36. Rxe6 a1Q 37. Be4 Re2 38. Rh6+ Kg8 39. Rg6+ Kh8 40. Rh6+ Kg8 41. Bd5+ Kf8 42. Rf7+ Ke8 43. Rg6 1-0

[Event "Oberliga Baden 0910"]
[Site "Germany"]
[Date "2010.02.07"]
[Round "6.1"]
[White "Gschnitzer, Oswald"]
[Black "Panzalovic, Srdjan"]
[Result "1-0"]
[WhiteElo "2431"]
[BlackElo "2477"]
[PlyCount "89"]
[EventDate "2009.10.18"]
[EventType "team-tourn"]
[EventRounds "9"]
[EventCountry "GER"]
[SourceTitle "EXT 2011"]
[Source "ChessBase"]
[SourceDate "2010.11.26"]
[SourceVersion "1"]
[SourceVersionDate "2010.11.26"]
[SourceQuality "1"]
[WhiteTeam "Kirchheim"]
[BlackTeam "Bad Mergentheim"]
[WhiteTeamCountry "GER"]
[BlackTeamCountry "GER"]

1. Nf3 f5 2. d4 Nf6 3. g3 g6 4. Bg2 Bg7 5. 0-0 0-0 6. c4 d6 7. Nc3 Qe8 8. d5 a5 9. Nd4 Na6 10. e4 fxe4 11. Nxe4 Nxe4 12. Bxe4 Bh3 13. Bg2 Bxg2 14. Kxg2 Nc5 15. Be3 c6 16. dxc6 bxc6 17. Qc2 e5 18. Ne2 Ne6 19. Rad1 Rd8 20. Bb6 Rd7 21. Bxa5 Qa8 22. Bd2 d5 23. f3 d4 24. Qb1 c5 25. Bc1 Rdf7 26. Ng1 g5 27. h3 h5 28. Qg6 Rf6 29. Qxh5 e4 30. Qg4 e3 31. a3 Qa4 32. Qe4 Qxc4 33. Bxe3 Re8 34. Qg4 Nf4+ 35. Bxf4 gxf4 36. Rde1 Re3 37. gxf4 Qc2+ 38. Rf2 Qd3 39. Qc8+ Bf8 40. Ref1 Re7 41. Kh2 Rg7 42. Re1 Qg6 43. Ne2 Re6 44. f5 Qxf5 45. Ng3 1-0

[Event "BL2-Sued 0809"]
[Site "Germany"]
[Date "2009.03.01"]
[Round "7.3"]
[White "Panzalovic, Srdjan"]
[Black "Schmidt, Georg"]
[Result "1-0"]
[WhiteElo "2470"]
[BlackElo "2390"]
[PlyCount "63"]
[EventDate "2008.10.05"]
[EventType "team-tourn"]
[EventRounds "9"]
[EventCountry "GER"]
[SourceTitle "CBM 129 Extra"]
[Source "ChessBase"]
[SourceDate "2009.05.05"]
[SourceVersion "2"]
[SourceVersionDate "2009.05.20"]
[SourceQuality "1"]
[WhiteTeam "Bad Mergentheim"]
[BlackTeam "Muenchen Tarrasch"]
[WhiteTeamCountry "GER"]
[BlackTeamCountry "GER"]

1. Nf3 Nf6 2. c4 c5 3. Nc3 b6 4. g3 Bb7 5. Bg2 g6 6. 0-0 Bg7 7. d4 cxd4 8. Qxd4 Nc6 9. Qf4 Rc8 10. Rd1 Nh5 11. Qe3 Nb4 12. Bh3 f5 13. Nd4 Kf7 14. Ncb5 Ba6 15. Na3 Qc7 16. Qb3 Nc6 17. Nf3 Na5 18. Ng5+ Kf8 19. Qd3 h6 20. Nf3 Bxc4 21. Nxc4 Nxc4 22. Nh4 Ne5 23. Nxg6+ Nxg6 24. Qxf5+ Nf6 25. Qxg6 Qc6 26. f3 Qc5+ 27. Kg2 Qe5 28. Kf1 Rc5 29. Rb1 Rd5 30. Bf4 Rxd1+ 31. Rxd1 Qxb2 32. Be6 1-0

[Event "BL2-Sued 0809"]
[Site "Germany"]
[Date "2008.12.14"]
[Round "4.2"]
[White "Panzalovic, Srdjan"]
[Black "Lanka, Zigurds"]
[Result "1/2-1/2"]
[WhiteElo "2470"]
[BlackElo "2490"]
[PlyCount "87"]
[EventDate "2008.10.05"]
[EventType "team-tourn"]
[EventRounds "9"]
[EventCountry "GER"]
[SourceTitle "CBM 129 Extra"]
[Source "ChessBase"]
[SourceDate "2009.05.05"]
[SourceVersion "2"]
[SourceVersionDate "2009.05.20"]
[SourceQuality "1"]
[WhiteTeam "Bad Mergentheim"]
[BlackTeam "Schott Mainz"]
[WhiteTeamCountry "GER"]
[BlackTeamCountry "GER"]

1. Nf3 c5 2. c4 Nf6 3. Nc3 g6 4. e4 Nc6 5. d4 cxd4 6. Nxd4 Bg7 7. Be3 Ng4 8. Qxg4 Nxd4 9. Qd1 Ne6 10. Rc1 Qa5 11. Bd3 b6 12. 0-0 g5 13. Bd2 Bb7 14. Bb1 Qe5 15. b4 h5 16. Nd5 Qb8 17. Bc3 Be5 18. Bxe5 Qxe5 19. Re1 f6 20. Ne3 Nf4 21. c5 b5 22. a4 a6 23. Nf5 Bc6 24. a5 Kf8 25. Qb3 e6 26. Nd6 g4 27. Bd3 Qg5 28. Bf1 Ng6 29. Kh1 h4 30. Qe3 Qxe3 31. Rxe3 Nf4 32. Kg1 Ke7 33. f3 Rag8 34. fxg4 Rxg4 35. Rc2 Rhg8 36. Rf2 Ng6 37. Be2 Rg5 38. Kf1 Ne5 39. Rh3 Rh8 40. Rf4 Ng6 41. Rf2 Re5 42. Bd3 Rg5 43. Be2 Re5 44. Bd3 1/2-1/2

[Event "BL2-Sued 0809"]
[Site "Germany"]
[Date "2008.10.05"]
[Round "1.3"]
[White "Boric, Muhamed"]
[Black "Panzalovic, Srdjan"]
[Result "1/2-1/2"]
[WhiteElo "2380"]
[BlackElo "2470"]
[PlyCount "23"]
[EventDate "2008.10.05"]
[EventType "team-tourn"]
[EventRounds "9"]
[EventCountry "GER"]
[SourceTitle "CBM 129 Extra"]
[Source "ChessBase"]
[SourceDate "2009.05.05"]
[SourceVersion "2"]
[SourceVersionDate "2009.05.20"]
[SourceQuality "1"]
[WhiteTeam "Untergrombach"]
[BlackTeam "Bad Mergentheim"]
[WhiteTeamCountry "GER"]
[BlackTeamCountry "GER"]

1. d4 Nf6 2. Nf3 g6 3. Bg5 Bg7 4. Nbd2 d5 5. e3 0-0 6. Bd3 c5 7. c3 Qb6 8. Rb1 Nc6 9. 0-0 e5 10. Nxe5 Nxe5 11. dxe5 Ng4 12. Nf3 1/2-1/2

[Event "BL2-Sued 0708"]
[Site "Germany"]
[Date "2007.11.25"]
[Round "3.4"]
[White "Schwarz, Michael"]
[Black "Panzalovic, Srdjan"]
[Result "0-1"]
[WhiteElo "2409"]
[BlackElo "2462"]
[PlyCount "52"]
[EventDate "2007.10.21"]
[EventType "team-tourn"]
[EventRounds "9"]
[EventCountry "GER"]
[SourceTitle "EXT 2009"]
[Source "ChessBase"]
[SourceDate "2008.11.26"]
[SourceVersion "1"]
[SourceVersionDate "2008.11.26"]
[SourceQuality "1"]
[WhiteTeam "Baden-Baden II"]
[BlackTeam "Bad Mergentheim"]
[WhiteTeamCountry "GER"]
[BlackTeamCountry "GER"]

1. d4 f5 2. g3 Nf6 3. Bg2 g6 4. Nh3 Bg7 5. Nf4 Nc6 6. h4 e5 7. dxe5 Nxe5 8. Nd2 c6 9. c3 d5 10. Nf3 Nf7 11. Be3 0-0 12. Bd4 Re8 13. e3 Bf8 14. b4 Ne4 15. Qb3 a5 16. a3 a4 17. Qc2 b6 18. c4 c5 19. bxc5 bxc5 20. Bb2 d4 21. exd4 Nxg3+ 22. Ne5 Nxh1 23. Bxa8 Qa5+ 24. Kf1 Qd8 25. Nxf7 Qxh4 26. Ne5 Qxf4 0-1

[Event "Verbandsliga Nord Baden 0607"]
[Site "Germany"]
[Date "2007.04.29"]
[Round "9.1"]
[White "Wehner, Roland"]
[Black "Panzalovic, Srdjan"]
[Result "0-1"]
[WhiteElo "2225"]
[BlackElo "2447"]
[PlyCount "62"]
[EventDate "2006.10.22"]
[EventType "team"]
[EventRounds "9"]
[EventCountry "GER"]
[SourceTitle "EXT 2008"]
[Source "ChessBase"]
[SourceDate "2007.11.25"]
[SourceVersion "1"]
[SourceVersionDate "2007.11.25"]
[SourceQuality "1"]
[WhiteTeam "Ettlingen"]
[BlackTeam "Lampertheim"]
[WhiteTeamCountry "GER"]
[BlackTeamCountry "GER"]

1. e4 e6 2. d4 d5 3. Nc3 Bb4 4. Nge2 Nc6 5. e5 f6 6. Nf4 fxe5 7. Qh5+ g6 8. Nxg6 Nf6 9. Qh4 exd4 10. Bg5 dxc3 11. 0-0-0 cxb2+ 12. Kb1 hxg6 13. Qxh8+ Kf7 14. Qh4 Be7 15. Bd3 Qg8 16. Rhe1 Bd7 17. Bb5 Qh8 18. Qf4 Bd6 19. Qf3 Rf8 20. c4 Kg8 21. Bxc6 bxc6 22. Qd3 Ne4 23. Rxe4 dxe4 24. Qxe4 Rf5 25. f4 Qc3 26. g4 e5 27. Qc2 Qxc2+ 28. Kxc2 Rxg5 29. fxg5 Bxg4 30. Rg1 Bf3 31. Kxb2 e4 0-1

[Event "FRA-chT3 Gr14 0607"]
[Site "France"]
[Date "2007.03.18"]
[Round "7.1"]
[White "Panzalovic, Srdjan"]
[Black "Roos, Antoine"]
[Result "1-0"]
[WhiteElo "2451"]
[BlackElo "2021"]
[PlyCount "55"]
[EventDate "2006.10.15"]
[EventType "team"]
[EventRounds "9"]
[EventCountry "FRA"]
[SourceTitle "EXT 2008"]
[Source "ChessBase"]
[SourceDate "2007.11.25"]
[SourceVersion "1"]
[SourceVersionDate "2007.11.25"]
[SourceQuality "1"]

1. Nf3 d5 2. d4 e6 3. c4 Nf6 4. g3 Be7 5. Bg2 0-0 6. 0-0 Nbd7 7. Qc2 b6 8. cxd5 exd5 9. Ne5 Nxe5 10. dxe5 Ng4 11. f4 Bc5+ 12. Kh1 Ba6 13. h3 Ne3 14. Bxe3 Bxe3 15. Nc3 c6 16. b4 Rc8 17. Rf3 Bd4 18. Rd1 Bxc3 19. Rxc3 Qe7 20. a3 Bc4 21. e4 b5 22. exd5 cxd5 23. Rd4 Rfd8 24. Qd2 Qb7 25. f5 Re8 26. f6 Rxe5 27. Rg4 Rce8 28. Rxg7+ 1-0